[Event "candidates (w)"]
[Site "Shanghai CHN"]
[Date "1992.??.??"]
[Round "1"]
[White "Levitina, Irina"]
[Black "Qin Kanying"]
[Result "1/2-1/2"]
[WhiteElo "2415"]
[BlackElo "2315"]
[EventDate "1992.10.??"]
[PlyCount "120"]

1.c4 Nf6 2.Nc3 d5 3.cxd5 Nxd5 4.Nf3 g6 5.Qa4+ Bd7 6.Qh4 Bc6 7.Qd4 f6 8.e3 
Bg7 9.Be2 e5 10.Qc4 Qd6 11.O-O Nd7 12.d4 Nxc3 13.bxc3 O-O-O 14.Qb3 Nb6 15.
Ba3 Qd7 16.c4 exd4 17.Nxd4 Ba4 18.Qb4 Kb8 19.Qa5 f5 20.Bb2 Rhg8 21.Rac1 
Nc8 22.Bf3 Bxd4 23.exd4 b6 24.Qa6 Bc6 25.Bxc6 Qxc6 26.d5 Qb7 27.Qa4 Rde8 
28.Rfe1 Nd6 29.Ba3 b5 30.cxb5 Rxe1+ 31.Rxe1 Qxd5 32.Bxd6 Qxd6 33.Rd1 Qb6 
34.Qc4 Re8 35.g3 h5 36.h4 Qf6 37.Kg2 Qe5 38.Rd3 Qe4+ 39.Qxe4 Rxe4 40.Rd8+ 
Kb7 41.Rg8 Re6 42.Kf3 a6 43.a4 a5 44.Rg7 Kb8 45.Rg8+ Ka7 46.Rf8 Re4 47.Rf6
Rxa4 48.Rxg6 Kb7 49.Ra6 Ra2 50.Kf4 Rxf2+ 51.Kg5 Rf3 52.Kxh5 c5 53.g4 fxg4 
54.Kxg4 Rf1 55.Rxa5 Rg1+ 56.Kf5 Kb6 57.Ra8 Kxb5 58.h5 Rh1 59.Kg6 Rg1+ 60.
Kf6 Rf1+ 1/2-1/2

[Event "candidates (w)"]
[Site "Shanghai CHN"]
[Date "1992.??.??"]
[Round "2"]
[White "Maric, Alisa"]
[Black "Levitina, Irina"]
[Result "1/2-1/2"]
[WhiteElo "2390"]
[BlackElo "2415"]
[EventDate "1992.10.??"]
[PlyCount "71"]

1.d4 d5 2.c4 dxc4 3.Nf3 Nf6 4.e3 e6 5.Bxc4 a6 6.O-O c5 7.Bd3 Nbd7 8.Nc3 b6
9.Qe2 Bb7 10.Rd1 Qb8 11.Bc2 Bd6 12.h3 O-O 13.dxc5 Bxc5 14.Ng5 Rd8 15.Nge4 
Be7 16.Bd2 Nxe4 17.Nxe4 Nf6 18.Nxf6+ Bxf6 19.Bb4 Qc7 20.Rdc1 Qd7 21.Bb3 
Rac8 22.Be1 g6 23.Rc2 Rxc2 24.Qxc2 Qc6 25.Qxc6 Bxc6 26.Rc1 Be4 27.Bc3 Bxc3
28.Rxc3 Rd2 29.f3 Bd5 30.Bxd5 exd5 31.Rb3 b5 32.Ra3 Rxb2 33.Rxa6 Re2 34.
Ra5 Rxe3 35.Rxb5 Ra3 36.Rxd5 1/2-1/2

[Event "candidates (w)"]
[Site "Shanghai CHN"]
[Date "1992.??.??"]
[Round "2"]
[White "Wang Pin"]
[Black "Peng Zhaoqin"]
[Result "0-1"]
[WhiteElo "2345"]
[BlackElo "2370"]
[EventDate "1992.10.??"]
[PlyCount "94"]

1.e4 c5 2.Nf3 d6 3.d4 cxd4 4.Nxd4 Nf6 5.Nc3 a6 6.Be3 Ng4 7.Bg5 h6 8.Bh4 g5
9.Bg3 Bg7 10.Be2 h5 11.h4 gxh4 12.Bxh4 Nc6 13.Nxc6 bxc6 14.Qd2 Rb8 15.Nd1 
Qb6 16.f3 Ne5 17.Bf2 c5 18.Be3 Be6 19.Kf2 Nc4 20.Bxc4 Bxc4 21.a3 Qc7 22.
Rb1 Ba2 23.Rc1 Be6 24.Rb1 h4 25.Bg5 h3 26.gxh3 d5 27.exd5 Bd4+ 28.Ne3 Qe5 
29.dxe6 Qxg5 30.exf7+ Kxf7 31.Rbg1 Qe5 32.b3 Rb6 33.c3 Bxc3 34.Qd3 Bd4 35.
Rg4 Rf6 36.Re4 Qf5 37.f4 Qh5 38.Ke1 Qh4+ 39.Ke2 Rg8 40.Qc4+ Kf8 41.Qd5 Rd6
42.Qf5+ Ke8 43.Rh2 Bxe3 44.Kxe3 Rg1 45.Qc8+ Rd8 46.Qxc5 Re1+ 47.Kf3 Rf1+ 
0-1

[Event "candidates (w)"]
[Site "Shanghai CHN"]
[Date "1992.??.??"]
[Round "3"]
[White "Peng Zhaoqin"]
[Black "Ioseliani, Nana"]
[Result "1-0"]
[WhiteElo "2370"]
[BlackElo "2445"]
[EventDate "1992.10.??"]
[PlyCount "65"]

1.d4 f5 2.Nf3 Nf6 3.c4 g6 4.Nc3 Bg7 5.g3 d6 6.Bg2 O-O 7.O-O Qe8 8.Nd5 Nxd5
9.cxd5 Qb5 10.Ng5 Na6 11.e4 c6 12.Re1 fxe4 13.dxc6 d5 14.cxb7 Qxb7 15.Nxe4
dxe4 16.Bxe4 Qb8 17.Bf4 Rxf4 18.gxf4 Bf5 19.Bxa8 Qxa8 20.Rxe7 Kf8 21.Qe2 
Bf6 22.Re1 Qc6 23.d5 Qb6 24.d6 Qxd6 25.Rxa7 Nc7 26.Qc4 Qd2 27.Qc1 Qxc1 28.
Rxc1 Nd5 29.Rc5 Ne7 30.Rcc7 Be6 31.b4 h5 32.b5 Kf7 33.b6 1-0

[Event "candidates (w)"]
[Site "Shanghai CHN"]
[Date "1992.??.??"]
[Round "4"]
[White "Qin Kanying"]
[Black "Peng Zhaoqin"]
[Result "1-0"]
[WhiteElo "2315"]
[BlackElo "2370"]
[EventDate "1992.10.??"]
[PlyCount "91"]

1.e4 e6 2.d4 d5 3.e5 c5 4.c3 Nc6 5.Nf3 Qb6 6.a3 c4 7.Nbd2 Na5 8.Be2 Bd7 9.
O-O O-O-O 10.Rb1 h6 11.h4 Ne7 12.h5 Bc6 13.Nh4 Qc7 14.Ndf3 Qd7 15.Ne1 Ba4 
16.Nc2 Nec6 17.Be3 Be7 18.Nf3 Kb8 19.Nfe1 Ka8 20.Bg4 f5 21.Bh3 Rdg8 22.Kh1
Qe8 23.g4 g6 24.Qe2 Nd8 25.Nb4 fxg4 26.Bxg4 Qf7 27.Ng2 gxh5 28.Bh3 Qh7 29.
Rbe1 Nac6 30.Nxc6 bxc6 31.Rc1 h4 32.Kh2 Qg6 33.Nf4 Qe4 34.f3 Qh7 35.Nxe6 
Nxe6 36.Bxe6 Rg3 37.Bh3 Rhg8 38.Rg1 Qf7 39.Rcf1 Qg6 40.Bf2 Rg5 41.f4 Rg3 
42.Bxg3 hxg3+ 43.Kg2 c5 44.f5 Qg5 45.f6 Bd8 46.Rf5 1-0

[Event "candidates (w)"]
[Site "Shanghai CHN"]
[Date "1992.??.??"]
[Round "5"]
[White "Wang Pin"]
[Black "Ioseliani, Nana"]
[Result "1-0"]
[WhiteElo "2345"]
[BlackElo "2445"]
[EventDate "1992.10.??"]
[PlyCount "122"]

1.e4 e5 2.Nf3 Nc6 3.Bb5 Nd4 4.Nxd4 exd4 5.Bc4 Nf6 6.e5 d5 7.Bb3 Ne4 8.O-O 
Nc5 9.d3 c6 10.Nd2 Be7 11.f4 h5 12.Nf3 Qb6 13.Kh1 Bg4 14.c3 dxc3 15.bxc3 
Qa6 16.Bc2 Bf5 17.Ne1 Ne6 18.c4 Bg4 19.Nf3 O-O-O 20.Qe2 Nc5 21.Be3 Ne6 22.
Bb3 d4 23.Bd2 g5 24.f5 Bxf5 25.Bxg5 Nxg5 26.Nxg5 Bg4 27.Qd2 Bxg5 28.Qxg5 
Be6 29.Bd1 Qa3 30.Be2 Qb2 31.Bf3 Qa3 32.Be4 Rdg8 33.Qd2 Qc5 34.Rab1 Qxe5 
35.Qb2 Qc7 36.Qxd4 Kb8 37.Qc5 Ka8 38.Rb3 Rc8 39.Rfb1 b6 40.Qb4 Kb8 41.a4 
Rcd8 42.a5 b5 43.Rc3 f5 44.Bf3 Rd4 45.Qc5 Qd6 46.cxb5 Qxc5 47.Rxc5 Rxd3 
48.bxc6+ Kc7 49.Rb7+ Kd6 50.Rc1 h4 51.h3 f4 52.c7 Rc8 53.Rxa7 Bxh3 54.Bb7 
Rg8 55.c8=Q Bxc8 56.Bxc8 Ra3 57.Rd7+ Ke5 58.Rc5+ Ke4 59.Bb7+ Ke3 60.Re5+ 
Kf2 61.Rd2+ Kg3 1-0

[Event "candidates (w)"]
[Site "Shanghai CHN"]
[Date "1992.??.??"]
[Round "5"]
[White "Peng Zhaoqin"]
[Black "Maric, Alisa"]
[Result "0-1"]
[WhiteElo "2370"]
[BlackElo "2390"]
[EventDate "1992.10.??"]
[PlyCount "88"]

1.d4 Nf6 2.c4 e6 3.Nf3 b6 4.g3 Ba6 5.b3 Bb7 6.Bg2 Bb4+ 7.Bd2 a5 8.O-O O-O 
9.Qc2 Re8 10.Nc3 h6 11.a3 Bxc3 12.Bxc3 Be4 13.Qb2 d5 14.Rfd1 Nbd7 15.Bf1 
Qb8 16.Ne5 Qb7 17.f3 Bh7 18.Bg2 c6 19.Nxd7 Qxd7 20.Re1 Qe7 21.e4 dxe4 22.
fxe4 e5 23.d5 c5 24.h3 Qd6 25.Kh2 Re7 26.Bf3 Bg6 27.Qd2 Ne8 28.b4 axb4 29.
axb4 Rea7 30.bxc5 bxc5 31.Rxa7 Rxa7 32.Ra1 Rxa1 33.Bxa1 f6 34.Qa5 Qc7 35.
Qa8 Kh7 36.Bc3 Qb6 37.h4 h5 38.Ba5 Qb2+ 39.Kg1 Qb3 40.Bg2 Qxg3 41.Qb8 Bxe4
42.Qb2 Nd6 43.Bc7 Nxc4 44.Qe2 Qxg2+ 0-1

[Event "candidates (w)"]
[Site "Shanghai CHN"]
[Date "1992.??.??"]
[Round "6"]
[White "Levitina, Irina"]
[Black "Peng Zhaoqin"]
[Result "1/2-1/2"]
[WhiteElo "2415"]
[BlackElo "2370"]
[EventDate "1992.10.??"]
[PlyCount "71"]

1.d4 Nf6 2.c4 g6 3.Nc3 Bg7 4.e4 d6 5.f3 O-O 6.Be3 c5 7.Nge2 Nc6 8.d5 Ne5 
9.Ng3 e6 10.Be2 exd5 11.cxd5 a6 12.a4 h5 13.O-O Nh7 14.Qd2 Re8 15.Rae1 Qa5
16.f4 Ng4 17.Bxg4 Bxg4 18.e5 h4 19.Nge4 dxe5 20.Bxc5 exf4 21.Qxf4 f5 22.
Bf2 h3 23.Nc5 hxg2 24.Kxg2 Bxc3 25.bxc3 Qxc3 26.Kg1 g5 27.Qd6 Qf6 28.Re6 
Rxe6 29.Nxe6 Nf8 30.Bd4 Qh6 31.Bg7 Qh3 32.Nxf8 Qe3+ 33.Rf2 Qe1+ 34.Rf1 
Qe3+ 35.Rf2 Qe1+ 36.Rf1 1/2-1/2

[Event "candidates (w)"]
[Site "Shanghai CHN"]
[Date "1992.??.??"]
[Round "7"]
[White "Wang Pin"]
[Black "Maric, Alisa"]
[Result "1-0"]
[WhiteElo "2345"]
[BlackElo "2390"]
[EventDate "1992.10.??"]
[PlyCount "69"]

1.e4 c5 2.Nf3 Nc6 3.d4 cxd4 4.Nxd4 Qb6 5.Nb3 Nf6 6.Nc3 e6 7.Bd3 Be7 8.O-O 
O-O 9.Be3 Qc7 10.f4 d6 11.Qf3 a6 12.a4 b6 13.Rae1 Rb8 14.Qh3 g6 15.f5 Ne5 
16.Bg5 Qd7 17.Qh4 Qd8 18.Re2 b5 19.axb5 axb5 20.Ref2 b4 21.Nd1 exf5 22.
exf5 Nxd3 23.cxd3 Bxf5 24.Rxf5 gxf5 25.Rxf5 Qd7 26.Nd4 Rfe8 27.Bxf6 Bxf6 
28.Qxf6 Re5 29.Qg5+ Kf8 30.Rxe5 dxe5 31.Nf5 Qxd3 32.Nde3 Qb1+ 33.Nf1 Rc8 
34.Qe7+ Kg8 35.Qxe5 1-0

[Event "candidates (w)"]
[Site "Shanghai CHN"]
[Date "1992.??.??"]
[Round "7"]
[White "Ioseliani, Nana"]
[Black "Qin Kanying"]
[Result "1-0"]
[WhiteElo "2445"]
[BlackElo "2315"]
[EventDate "1992.10.??"]
[PlyCount "95"]

1.Nf3 Nf6 2.c4 g6 3.Nc3 d5 4.d4 Bg7 5.cxd5 Nxd5 6.e4 Nxc3 7.bxc3 c5 8.Rb1 
O-O 9.Be2 Nc6 10.d5 Ne5 11.Nxe5 Bxe5 12.Qc2 f5 13.Bh6 Rf7 14.f4 Bg7 15.
Bxg7 Kxg7 16.O-O fxe4 17.Qxe4 Qd6 18.Qe5+ Kg8 19.Bd3 Rb8 20.c4 Bd7 21.g3 
b6 22.Rfe1 Qxe5 23.fxe5 e6 24.Be4 a6 25.Rec1 Kg7 26.d6 Be8 27.Rc3 Ra7 28.
h4 g5 29.hxg5 Bg6 30.Bxg6 hxg6 31.Rf3 Rab7 32.Rf6 Re8 33.a4 Rbb8 34.Kg2 
Rb7 35.Kf3 Rf8 36.Ke4 Re8 37.Rd1 b5 38.axb5 axb5 39.cxb5 Rxb5 40.d7 Rb4+ 
41.Ke3 Rb3+ 42.Kf2 Rb2+ 43.Kg1 Rd8 44.Rxe6 Rb7 45.Red6 Kf7 46.e6+ Ke7 47.
Rc6 Rbb8 48.Rf1 1-0

[Event "candidates (w)"]
[Site "Shanghai CHN"]
[Date "1992.??.??"]
[Round "8"]
[White "Levitina, Irina"]
[Black "Wang Pin"]
[Result "1-0"]
[WhiteElo "2415"]
[BlackElo "2345"]
[EventDate "1992.10.??"]
[PlyCount "97"]

1.d4 Nf6 2.c4 g6 3.Nc3 Bg7 4.e4 d6 5.f3 O-O 6.Be3 c5 7.Nge2 Nc6 8.d5 Ne5 
9.Ng3 e6 10.Be2 exd5 11.cxd5 a6 12.a4 Bd7 13.h3 b5 14.f4 Nc4 15.Bxc4 bxc4 
16.O-O Re8 17.Qf3 Qc7 18.Kh1 h6 19.f5 g5 20.Nh5 Nxh5 21.Qxh5 f6 22.h4 Re5 
23.Bf2 Be8 24.Qe2 Qb6 25.Bg3 Re7 26.Qxc4 gxh4 27.Bxh4 Qxb2 28.Rab1 Qd2 29.
Rbd1 Qb2 30.Qd3 Qb4 31.Qg3 Kf8 32.Rc1 Rd8 33.Qh2 Kg8 34.Bg3 Bf8 35.Bf4 Rg7
36.Rf3 Rdd7 37.Rb1 Qc4 38.Rb8 Rde7 39.Qh4 Qd4 40.Kh2 c4 41.Qf2 Qxf2 42.
Rxf2 Bh5 43.Rfb2 Re8 44.a5 Rc7 45.Rxe8 Bxe8 46.Rb6 Rc5 47.Rxa6 h5 48.Ra8 
Kf7 49.Be3 1-0

[Event "candidates (w)"]
[Site "Shanghai CHN"]
[Date "1992.??.??"]
[Round "8"]
[White "Maric, Alisa"]
[Black "Ioseliani, Nana"]
[Result "1/2-1/2"]
[WhiteElo "2390"]
[BlackElo "2445"]
[EventDate "1992.10.??"]
[PlyCount "33"]

1.d4 d5 2.c4 e6 3.Nf3 Nf6 4.e3 c6 5.Bd3 Nbd7 6.O-O Bd6 7.Nbd2 O-O 8.e4 
dxe4 9.Nxe4 Nxe4 10.Bxe4 c5 11.b3 cxd4 12.Qxd4 Be7 13.Rb1 Nf6 14.Bc2 Qxd4 
15.Nxd4 Rd8 16.Bb2 Bd7 17.Rfd1 1/2-1/2

[Event "candidates (w)"]
[Site "Shanghai CHN"]
[Date "1992.??.??"]
[Round "9"]
[White "Qin Kanying"]
[Black "Maric, Alisa"]
[Result "1/2-1/2"]
[WhiteElo "2315"]
[BlackElo "2390"]
[EventDate "1992.10.??"]
[PlyCount "83"]

1.e4 c5 2.g3 Nc6 3.Bg2 g6 4.Ne2 Bg7 5.c3 e5 6.d3 Nge7 7.O-O O-O 8.a3 d5 9.
Nd2 Be6 10.b4 d4 11.bxc5 dxc3 12.Nc4 Bxc4 13.dxc4 Qa5 14.Bg5 Rfd8 15.Qe1 
f6 16.Be3 Nd4 17.Rc1 Qxa3 18.Nxc3 Qxc5 19.Nd5 a5 20.Rb1 Nxd5 21.exd5 Rd7 
22.Rb5 Qxc4 23.Rxa5 Rxa5 24.Qxa5 Ne2+ 25.Kh1 e4 26.Re1 Bf8 27.Qb6 Qxd5 28.
Qxf6 Bg7 29.Qh4 Nc3 30.Bh3 Rf7 31.Ra1 Nd1 32.Ra8+ Rf8 33.Rxf8+ Kxf8 34.
Qf4+ Ke8 35.Qb8+ Qd8 36.Qxb7 Nxe3 37.Qxe4+ Qe7 38.Qc6+ Kf7 39.fxe3 Qxe3 
40.Qd7+ Qe7 41.Be6+ Kf6 42.Qxe7+ 1/2-1/2

[Event "candidates (w)"]
[Site "Shanghai CHN"]
[Date "1992.??.??"]
[Round "9"]
[White "Ioseliani, Nana"]
[Black "Levitina, Irina"]
[Result "1-0"]
[WhiteElo "2445"]
[BlackElo "2415"]
[EventDate "1992.10.??"]
[PlyCount "59"]

1.c4 e5 2.g3 Nf6 3.Bg2 c6 4.Nf3 e4 5.Nd4 d5 6.cxd5 Qxd5 7.Nb3 Qh5 8.h3 Qg6
9.Nc3 Bd6 10.O-O O-O 11.d3 exd3 12.e4 Bc7 13.Qxd3 Na6 14.Qe2 Re8 15.Be3 h5
16.Nd2 Nb4 17.Rac1 Rd8 18.Nf3 b6 19.Nd4 Ba6 20.Qf3 Bxf1 21.Bxf1 Be5 22.Nf5
Kh8 23.a3 Nd3 24.Ne7 Qh7 25.Nxc6 Bxc3 26.Rxc3 Ne1 27.Qe2 Re8 28.Qxe1 Qxe4 
29.Bg2 Qa4 30.Ne5 1-0

[Event "candidates (w)"]
[Site "Shanghai CHN"]
[Date "1992.??.??"]
[Round "10"]
[White "Qin Kanying"]
[Black "Levitina, Irina"]
[Result "0-1"]
[WhiteElo "2315"]
[BlackElo "2415"]
[EventDate "1992.10.??"]
[PlyCount "166"]

1.e4 e6 2.d4 d5 3.e5 c5 4.c3 Nc6 5.Nf3 Bd7 6.Be2 Nge7 7.O-O Ng6 8.g3 Be7 
9.h4 O-O 10.h5 Nh8 11.Be3 cxd4 12.cxd4 f6 13.exf6 Bxf6 14.Nc3 Nf7 15.Bd3 
Be8 16.Bb1 Nd6 17.g4 Bf7 18.a3 Re8 19.Qd3 g6 20.Bf4 Ne4 21.Ne5 Bxe5 22.
dxe5 Qh4 23.Nxe4 dxe4 24.Qg3 Qxg3+ 25.Bxg3 gxh5 26.gxh5 Bxh5 27.Bxe4 Rac8 
28.Rac1 Nd4 29.Kg2 b6 30.f3 Bg6 31.Bb7 Rc2+ 32.Rxc2 Nxc2 33.Bf4 Rd8 34.Rf2
Kf7 35.Rd2 Ne1+ 36.Kg3 Nd3 37.Ba6 Rd5 38.Bc4 Nxf4 39.Bxd5 Nxd5 40.Rd4 Ke7 
41.Rc4 Kd7 42.Rc1 a5 43.Rc4 Bf5 44.Kh4 Ne7 45.Kg5 Nc6 46.f4 Kc7 47.Rc1 a4 
48.Rc3 b5 49.b3 axb3 50.Rxb3 Kb6 51.Rc3 Nd4 52.Rc8 Nf3+ 53.Kh5 Be4 54.Kh6 
Ka5 55.Re8 Nd4 56.Rd8 Nf5+ 57.Kg5 Ne3 58.Kf6 Bf5 59.Ra8+ Kb6 60.Rb8+ Kc5 
61.Rc8+ Kd4 62.Rb8 Nd5+ 63.Kg5 Nc3 64.Rc8 Ne4+ 65.Kh6 Ke3 66.Rc1 Ng3 67.
Kg5 Ne2 68.Rc5 Bd3 69.f5 Ng3 70.Rc6 Bxf5 71.Rc3+ Bd3 72.Rc6 h6+ 73.Kxh6 
Nf5+ 74.Kg5 Nd4 75.Rc8 Ke4 76.Kf6 Kd5 77.Rd8+ Kc4 78.Rc8+ Kb3 79.Rd8 Kc3 
80.Ra8 Bc4 81.Rh8 Nc2 82.Rh3+ Kb2 83.Rh2 Bb3 0-1

[Event "candidates (w)"]
[Site "Shanghai CHN"]
[Date "1992.??.??"]
[Round "11"]
[White "Levitina, Irina"]
[Black "Maric, Alisa"]
[Result "1/2-1/2"]
[WhiteElo "2415"]
[BlackElo "2390"]
[EventDate "1992.10.??"]
[PlyCount "121"]

1.d4 Nf6 2.Nf3 e6 3.c4 b6 4.g3 Ba6 5.b3 Bb4+ 6.Bd2 Be7 7.Bg2 c6 8.Bc3 d5 
9.Nbd2 Nbd7 10.O-O O-O 11.Re1 Bb7 12.e4 dxe4 13.Nxe4 c5 14.Ned2 Rc8 15.Qe2
cxd4 16.Nxd4 Bxg2 17.Kxg2 Qc7 18.Kg1 Rfe8 19.Rad1 a6 20.N4f3 Qb7 21.Ne5 
Nxe5 22.Bxe5 Red8 23.Qf3 Qxf3 24.Nxf3 Nd7 25.Bc3 Kf8 26.Kf1 Bf6 27.Bxf6 
Nxf6 28.Ne5 Ke8 29.f3 Nd7 30.Nxd7 Rxd7 31.Rxd7 Kxd7 32.Rd1+ Kc7 33.Ke2 a5 
34.Ke3 f6 35.f4 Re8 36.Rd4 Re7 37.Re4 Kd6 38.Kd4 Rc7 39.Re2 h5 40.h4 Re7 
41.Rd2 Kc6 42.Ke4 Re8 43.Ke3 e5 44.f5 Rg8 45.g4 hxg4 46.Rg2 Rd8 47.Rxg4 
Rd7 48.h5 Kc5 49.a3 Rf7 50.Kd3 Rd7+ 51.Kc3 Re7 52.b4+ axb4+ 53.axb4+ Kc6 
54.Rg6 Rf7 55.h6 gxh6 56.Rxh6 Kd7 57.b5 Kc7 58.Rg6 Kb7 59.Kd3 Rd7+ 60.Ke3 
Rd6 61.Rg7+ 1/2-1/2

[Event "candidates (w)"]
[Site "Shanghai CHN"]
[Date "1992.??.??"]
[Round "12"]
[White "Ioseliani, Nana"]
[Black "Peng Zhaoqin"]
[Result "0-1"]
[WhiteElo "2445"]
[BlackElo "2370"]
[EventDate "1992.10.??"]
[PlyCount "76"]

1.d4 Nf6 2.g3 d5 3.Bg2 c6 4.Nf3 Bf5 5.O-O e6 6.c4 Nbd7 7.Nc3 Be7 8.Nh4 Bg4
9.Qb3 Qb6 10.h3 Bh5 11.g4 Bg6 12.Nxg6 hxg6 13.Qxb6 axb6 14.cxd5 exd5 15.g5
Nh7 16.e4 dxe4 17.Nxe4 O-O-O 18.Be3 Ndf8 19.Rfd1 Ne6 20.f4 Rhe8 21.Kf2 
Nhf8 22.a3 Kb8 23.b4 Nc7 24.Nc3 Nd5 25.Nxd5 cxd5 26.a4 Ne6 27.a5 Nc7 28.
axb6 Na8 29.Ra5 Nxb6 30.Rb5 Rd6 31.f5 Rc6 32.fxg6 fxg6 33.Bd2 Rf8+ 34.Kg3 
Bd6+ 35.Kg4 Rc4 36.Be3 Rc2 37.Bf1 Nc4 38.Bc1 Rxc1 0-1

[Event "candidates (w)"]
[Site "Shanghai CHN"]
[Date "1992.??.??"]
[Round "14"]
[White "Ioseliani, Nana"]
[Black "Wang Pin"]
[Result "1-0"]
[WhiteElo "2445"]
[BlackElo "2345"]
[EventDate "1992.10.??"]
[PlyCount "121"]

1.e4 c5 2.Nf3 d6 3.d4 cxd4 4.Nxd4 Nf6 5.Nc3 a6 6.Be2 e6 7.O-O Be7 8.a4 O-O
9.f4 Nc6 10.Kh1 Qc7 11.Be3 Re8 12.Bf3 Rb8 13.Qd2 Bd7 14.Nb3 b6 15.g4 Bc8 
16.g5 Nd7 17.Bg2 Bb7 18.Rad1 Nc5 19.Qf2 Bf8 20.Qh4 g6 21.Rf3 Nb4 22.Rh3 h6
23.gxh6 Nxc2 24.Qf6 Kh7 25.Nd4 Nxd4 26.Bxd4 e5 27.fxe5 dxe5 28.Bxc5 bxc5 
29.Rf3 Re7 30.Nd5 Bxd5 31.exd5 Rd7 32.d6 Qd8 33.Qxe5 Qe8 34.Qc3 Qe2 35.Rd2
Qe1+ 36.Rf1 Qh4 37.Bc6 Rbd8 38.Bxd7 Rxd7 39.Qg3 Qxa4 40.Qh3 Qc6+ 41.Qf3 
Qb5 42.Re1 Kxh6 43.Rde2 Rxd6 44.Qxf7 Qc6+ 45.Kg1 Rf6 46.Qc4 Rf5 47.Rg2 Bg7
48.Qh4+ Rh5 49.Qf4+ Kh7 50.Re7 Qd5 51.Qg4 Qd3 52.Rd7 Qe3+ 53.Kh1 Qe1+ 54.
Rg1 Qe8 55.Rc7 Rf5 56.Qh4+ Kg8 57.Qc4+ Kh7 58.Qh4+ Rh5 59.Qe7 Qg8 60.Rd1 
Kh6 61.Rd8 1-0

[Event "candidates (w)"]
[Site "Shanghai CHN"]
[Date "1992.??.??"]
[Round "15"]
[White "Wang Pin"]
[Black "Qin Kanying"]
[Result "0-1"]
[WhiteElo "2345"]
[BlackElo "2315"]
[EventDate "1992.10.??"]
[PlyCount "72"]

1.e4 Nf6 2.e5 Nd5 3.d4 d6 4.Nf3 Bg4 5.Be2 e6 6.O-O Be7 7.c4 Nb6 8.Nc3 O-O 
9.Be3 d5 10.c5 Bxf3 11.gxf3 Nc8 12.f4 Nc6 13.b4 a6 14.Qb3 Bh4 15.a4 N8e7 
16.b5 Na5 17.Qb4 axb5 18.axb5 b6 19.Bd3 Kh8 20.Ra2 Rg8 21.Kh1 g5 22.cxb6 
cxb6 23.Qd6 gxf4 24.Qxd8 Rgxd8 25.Bxf4 Nb3 26.Ra4 Rdc8 27.Be3 Na5 28.Rc1 
Ng6 29.Rc2 f5 30.exf6 Bxf6 31.Raa2 Nh4 32.h3 Nf3 33.Na4 Rxc2 34.Rxc2 Nb3 
35.Rb2 Nc1 36.Bc2 Rg8 0-1

[Event "candidates (w)"]
[Site "Shanghai CHN"]
[Date "1992.??.??"]
[Round "15"]
[White "Peng Zhaoqin"]
[Black "Levitina, Irina"]
[Result "1/2-1/2"]
[WhiteElo "2370"]
[BlackElo "2415"]
[EventDate "1992.10.??"]
[PlyCount "83"]

1.d4 e6 2.c4 f5 3.Nf3 Nf6 4.e3 b6 5.Nc3 Bb7 6.d5 Na6 7.Be2 Bb4 8.Bd2 O-O 
9.O-O Nc5 10.a3 Bxc3 11.Bxc3 Nce4 12.Bb4 Re8 13.Nd4 c5 14.dxc6 dxc6 15.f3 
c5 16.fxe4 Nxe4 17.Bf3 cxb4 18.axb4 Qe7 19.Qe1 g6 20.b5 Rec8 21.b3 e5 22.
Nc6 Bxc6 23.bxc6 Rxc6 24.Bxe4 fxe4 25.Qb1 Qh4 26.Ra2 Rcc8 27.Rd2 Rf8 28.b4
Rxf1+ 29.Qxf1 Rd8 30.Qd1 Rd3 31.c5 bxc5 32.bxc5 Qd8 33.Qb3+ Kg7 34.Rxd3 
exd3 35.Kf2 d2 36.Qd1 a5 37.c6 a4 38.Ke2 a3 39.Qxd2 Qxd2+ 40.Kxd2 a2 41.c7
a1=Q 42.c8=Q 1/2-1/2

[Event "candidates (w)"]
[Site "Shanghai CHN"]
[Date "1992.??.??"]
[Round "16"]
[White "Qin Kanying"]
[Black "Ioseliani, Nana"]
[Result "1/2-1/2"]
[WhiteElo "2315"]
[BlackElo "2445"]
[EventDate "1992.10.??"]
[PlyCount "122"]

1.e4 c5 2.Nf3 d6 3.d4 cxd4 4.Nxd4 Nf6 5.Nc3 a6 6.Be2 e6 7.O-O Nbd7 8.f4 b5
9.Bf3 Bb7 10.Re1 Rc8 11.a4 b4 12.Nd5 g6 13.Nxf6+ Nxf6 14.a5 Qc7 15.Ra4 Be7
16.Bd2 e5 17.Nb3 Qxc2 18.Qxc2 Rxc2 19.Rxb4 Rc7 20.Rc1 Rxc1+ 21.Nxc1 Bc8 
22.Rc4 O-O 23.Rc7 Re8 24.Bc3 Bf8 25.fxe5 dxe5 26.Nd3 Nd7 27.Bg4 f5 28.exf5
Nf6 29.Bd1 Bxf5 30.Bb3+ Be6 31.Bxe6+ Rxe6 32.Bxe5 Nd5 33.Rd7 Nb4 34.Nxb4 
Rxe5 35.Nd5 Rf5 36.b4 h5 37.g3 g5 38.Kg2 g4 39.h3 Kh8 40.hxg4 hxg4 41.Ne3 
Rg5 42.Rb7 Bg7 43.Kf2 Bd4 44.Rd7 Bc3 45.Nd5 Rf5+ 46.Ke3 Be1 47.b5 axb5 48.
a6 Bf2+ 49.Ke4 Rf3 50.a7 Bxa7 51.Rxa7 Kg8 52.Ne7+ Kf7 53.Nf5+ Kf6 54.Ra8 
b4 55.Ra6+ Kg5 56.Ra5 Kf6 57.Ra6+ Kg5 58.Nd4 Rxg3 59.Ra5+ Kf6 60.Ra6+ Kf7 
61.Nf5 Rg1 1/2-1/2

[Event "candidates (w)"]
[Site "Shanghai CHN"]
[Date "1992.??.??"]
[Round "17"]
[White "Wang Pin"]
[Black "Levitina, Irina"]
[Result "1-0"]
[WhiteElo "2345"]
[BlackElo "2415"]
[EventDate "1992.10.??"]
[PlyCount "107"]

1.e4 e6 2.d4 d5 3.Nd2 c5 4.exd5 exd5 5.Bb5+ Bd7 6.Bxd7+ Nxd7 7.Ngf3 Ngf6 
8.O-O Be7 9.dxc5 Nxc5 10.Nb3 Nce4 11.Nbd4 O-O 12.Nf5 Bc5 13.Be3 Re8 14.
Bxc5 Nxc5 15.Ne3 Na4 16.Rb1 Qa5 17.c3 Nb6 18.Qb3 Rad8 19.Rbd1 Re4 20.Rd2 
Qc5 21.Nd4 g6 22.Rfd1 Rde8 23.Ndc2 Qc7 24.Rd4 h5 25.h3 R8e5 26.a4 Rxd4 27.
Rxd4 Qc5 28.Qb4 Qxb4 29.Rxb4 Re7 30.a5 Nc8 31.Rb5 Rd7 32.Nb4 Ne7 33.Nd3 
Rc7 34.Nc5 a6 35.Rxb7 Rxc5 36.Rxe7 Rxa5 37.Rb7 Kg7 38.Kf1 Ra2 39.Ke2 a5 
40.Kd3 a4 41.f3 a3 42.bxa3 Rxa3 43.g4 Ra2 44.g5 Nh7 45.f4 Rh2 46.Nxd5 
Rxh3+ 47.Kd4 Rh1 48.Nc7 Rd1+ 49.Kc5 Kf8 50.Rb8+ Ke7 51.Nd5+ Ke6 52.Re8+ 
Kd7 53.Re7+ Kd8 54.Rxf7 1-0

[Event "candidates (w)"]
[Site "Shanghai CHN"]
[Date "1992.??.??"]
[Round "17"]
[White "Ioseliani, Nana"]
[Black "Maric, Alisa"]
[Result "1-0"]
[WhiteElo "2445"]
[BlackElo "2390"]
[EventDate "1992.10.??"]
[PlyCount "65"]

1.e4 c5 2.Nf3 Nc6 3.d4 cxd4 4.Nxd4 Qb6 5.Nb5 a6 6.Be3 Qd8 7.Nd4 e6 8.Nc3 
Qc7 9.Be2 Nf6 10.O-O Be7 11.f4 d6 12.a4 O-O 13.Kh1 Re8 14.g4 Nd7 15.g5 Rb8
16.Bf3 Bf8 17.Bg2 g6 18.Qe2 Nc5 19.Nxc6 Qxc6 20.Qf2 Nd7 21.Ba7 Ra8 22.Bd4 
Qc7 23.Rad1 Rb8 24.Rd3 b5 25.axb5 axb5 26.Rh3 h6 27.gxh6 Kh7 28.f5 Ne5 29.
Bxe5 dxe5 30.fxg6+ fxg6 31.Rf3 Be7 32.Rf7+ Kh8 33.Rg7 1-0

[Event "candidates (w)"]
[Site "Shanghai CHN"]
[Date "1992.??.??"]
[Round "18"]
[White "Maric, Alisa"]
[Black "Qin Kanying"]
[Result "1-0"]
[WhiteElo "2390"]
[BlackElo "2315"]
[EventDate "1992.10.??"]
[PlyCount "85"]

1.d4 Nf6 2.c4 g6 3.Nc3 d5 4.Nf3 Bg7 5.cxd5 Nxd5 6.e3 O-O 7.Bc4 Nb6 8.Bb3 
Bg4 9.h3 Bxf3 10.Qxf3 c6 11.O-O N8d7 12.Rd1 a5 13.a3 e5 14.dxe5 Qe7 15.e4 
Nxe5 16.Qe2 a4 17.Ba2 Rfe8 18.f4 Nec4 19.Bxc4 Bxc3 20.bxc3 Qc5+ 21.Rd4 
Rad8 22.Be3 Rxd4 23.Bxf7+ Kxf7 24.Bxd4 Qc4 25.Qf2 c5 26.Bxc5 Nd7 27.Bd4 
Rxe4 28.Rb1 Qd5 29.Qb2 Rxf4 30.Qxb7 Qf5 31.Re1 Kg8 32.Qa8+ Nf8 33.Qxa4 Qd5
34.Qa7 Rf7 35.Re7 Nd7 36.Rxf7 Kxf7 37.Qc7 Ke7 38.a4 Ke6 39.a5 Qb5 40.Qd8 
Kd6 41.Bf2 Qe5 42.a6 Qxc3 43.a7 1-0

[Event "candidates (w)"]
[Site "Shanghai CHN"]
[Date "1992.??.??"]
[Round "18"]
[White "Levitina, Irina"]
[Black "Ioseliani, Nana"]
[Result "0-1"]
[WhiteElo "2415"]
[BlackElo "2445"]
[EventDate "1992.10.??"]
[PlyCount "130"]

1.d4 Nf6 2.Nf3 d6 3.Nc3 g6 4.e4 Bg7 5.Be2 O-O 6.O-O c6 7.a4 Nbd7 8.Bf4 Qc7
9.e5 Nh5 10.Bg5 dxe5 11.Bxe7 Re8 12.d5 Rxe7 13.d6 Qd8 14.dxe7 Qxe7 15.Re1 
Nf4 16.Bf1 f5 17.g3 Ne6 18.Bc4 e4 19.Qd2 Kh8 20.Rad1 Ndf8 21.Nh4 Qc5 22.
Bxe6 Bxe6 23.Qd6 Qb6 24.Ne2 e3 25.f3 Re8 26.b3 g5 27.Ng2 Bd5 28.Rf1 g4 29.
Rxd5 cxd5 30.Qxd5 Re5 31.Qf7 Qc6 32.fxg4 fxg4 33.Ngf4 Qe8 34.Nd3 Re7 35.
Qxe8 Rxe8 36.Rf7 Ne6 37.Rxb7 Nd4 38.Ndf4 Nf3+ 39.Kg2 a5 40.Ra7 Be5 41.Rxa5
Bxf4 42.gxf4 Rd8 43.Kg3 Rd2 44.h3 Rxe2 45.hxg4 Nd4 46.c3 Nxb3 47.Re5 Nd2 
48.a5 Nf1+ 49.Kh4 Rc2 50.g5 Rxc3 51.a6 Ra3 52.Re6 Kg7 53.f5 Nd2 54.Kg3 Nc4
55.Re7+ Kf8 56.Rxh7 Rxa6 57.Rc7 Nd6 58.f6 Nf5+ 59.Kf4 e2 60.Rc1 Nd4 61.
Rc8+ Kf7 62.Rc7+ Kf8 63.Rc8+ Kf7 64.Rc7+ Ke6 65.Re7+ Kd6 0-1